Gemeenten van Limburg (NL) met kaart - Statistieken

Algemene statistieken
  • Deze quiz is 2.505 keer genomen
  • De gemiddelde score is 16 van 31
Antwoorden op de kaart
Antwoorden kleurgecodeerd door een groen-rode schaal op de quizkaart volgens % correct hieronder.
 
Antwoordstatistieken
Antwoord % Correct
Maastricht
97%
Venlo
91%
Roermond
81%
Venray
80%
Heerlen
78%
Weert
71%
Kerkrade
70%
Vaals
70%
Sittard-Geleen
67%
Valkenburg aan de Geul
67%
Nederweert
49%
Beek
46%
Landgraaf
45%
Horst aan de Maas
43%
Bergen
42%
Stein
41%
Brunssum
39%
Echt-Susteren
39%
Peel en Maas
39%
Roerdalen
38%
Gennep
37%
Beekdaelen
35%
Eijsden-Margraten
35%
Meerssen
34%
Simpelveld
34%
Mook en Middelaar
33%
Voerendaal
33%
Gulpen-Wittem
31%
Leudal
31%
Beesel
29%
Maasgouw
29%
Geen overeenkomende quizzen gevonden
Scoreverdeling
Procent van Mensen met Elke Score
Percentiel versus Aantal Correcte Antwoorden
Uw Scoregeschiedenis
U heeft deze quiz nog niet genomen